| 000 | 00408nam a2200145Ia 4500 | ||
|---|---|---|---|
| 008 | 151213s9999 xx 000 0 und d | ||
| 100 | _aCarles P. Romuk , Marvin M. Gray | ||
| 245 |
_aThe Magsaysay Story _cCarles P. Romuk , Marvin M. Gray |
||
| 250 | _a1st | ||
| 260 |
_aNew York _bPocket Books _c1956 |
||
| 300 | _a4562 p. | ||
| 650 | _aEnglish | ||
| 700 | _aCarles P. Romuk , Marvin M. Gray | ||
| 999 |
_c2936 _d2936 |
||